000 00956nam2a22002651 4500
001 v19\rc\1915213
005 20251118180616.9
035 _a(NLR Aleph) 005002872
090 _a6405169
_c6405169
100 _a20080404d1913 u y0rusy50 ca
101 0 _arus
102 _aRU
105 _ay z |||||
200 0 _a... 1912 г.
210 _d[1913]
215 _a24 с.
461 0 _1001v19\rc\1915210
_12001#$a[Отчет...$fЭстлянд. дворян. зем. кредит. о-во$v... 1912 г.
_96405142
_aЭстляндское дворянское земельное кредитное о-во (Ревель)
_cРевель
_d[1911]-[1917]
_fЭстлянд. дворян. зем. кредит. о-во
_t[Отчет...
_v... 1912 г.
801 0 _aRU
_bNLR
_gpsbo
801 0 _aRU
_bRuMoRGB
_2psbo
801 1 _aRU
_bProSoft-M
_2rusmarc
852 _aNLR
_j19.49.2.163(3)
899 _aRuMoRGB
_jU 48/198
899 _aБАН
942 _cBOOK
980 _aNB